| 000 | 00434cam a2200169ua 4500 | ||
|---|---|---|---|
| 020 | _c2.00 | ||
| 041 |
_amal _h |
||
| 082 |
_a894.812308 _bGOR/SU |
||
| 100 | _aGopinathan nair, T.N . | ||
| 245 |
_aSudha / _cT.N.Gopinathan nair. _hTextual Documents |
||
| 260 |
_aKottayam : _bSahitya Parishad Co Operative Society Limited , _c1966. |
||
| 300 | _a151 ; . | ||
| 365 | _a2.00 | ||
| 504 | _a | ||
| 942 | _cBK | ||
| 999 |
_c675 _d675 |
||